000 00464nam a2200217Ia 4500
003 IT-RoPAU
008 120407s9999 xx 000 0 und d
040 _aIT-RoPAU
040 _cIT-RoPAU
041 _aita
100 _aEdmund Husserl
245 _aRicerche logiche. A cura di Giovanni Piana
250 _aMilano
260 _aMondadori
260 _c1968
300 _c21 cm
490 _v2
600 _a1. Logica.
942 _cBK
999 _c13802
_d13802